00625nam a2200193Ia 4500008004100000020001400041082001700055100002200072245006800094250000800162260003700170300002600207500001900233600003400252650001500286942000700301952010800308999001500416240925s9999 xx 000 0 und d a966017676 a621.3822 SMI aSteven , W. Smith 4aThe Scientist and Engineer's Guide to Digital Signal Processing a2nd aCalifornia:bMcGraw-Hillc,1999. axxv,411p.b1fPirated aIncludes Index aTelecommunication Engineering aTechnology cBK 001040708ELaUITUbUITUd2002-06-08eNAl0o621.3822 SMIpQ4497r2024-09-25 07:13:32w2024-09-25yBK c6996d6996